| 000 | 00559nam a2200193Ia 4500 | ||
|---|---|---|---|
| 003 | OSt | ||
| 005 | 20200515090743.0 | ||
| 008 | 190216s9999||||xx |||||||||||||| ||und|| | ||
| 020 | _a9780333993491 | ||
| 040 | _coclc | ||
| 082 |
_a953 _bHIT/H |
||
| 100 |
_a Hitti, Philip K _92310 |
||
| 245 | 0 |
_aHistory Of The Arabs / _cPhilip K Hitti |
|
| 250 | _a10th Ed. | ||
| 260 |
_bMacmillan India Ltd, _c2001. _aLondon: |
||
| 300 | _a822p | ||
| 650 | 0 |
_aHistory & geography _vIslamic History _92271 |
|
| 942 |
_cBK _2ddc _h953 _iHIT/H _k953 _mHIT/H |
||
| 999 |
_c22597 _d22597 |
||